00357nam a2200145Ia 4500008004100000020001500041041000800056082001600064100001900080245002900099250000600128260004900134300001900183650000900202210716s2003 xx 000 0 und d a8188429252 aeng a005.73 GURN aGuruprasad, N. aData structures using c. a1 aChennaibScitech Publications Pvt Ltd.c2003 a11.5,A-70,D-12 aNone